| 000 | 01865nam0a2200409 4500 | ||
|---|---|---|---|
| 001 | RU\NLR\bibl\268872 | ||
| 005 | 20260406084750.0 | ||
| 010 |
_a5-8185-0038-1 _bВ пер. _9400 |
||
| 021 |
_aRU _b2002-5420 _9263 |
||
| 035 | _a(NLR Aleph) 000264426 | ||
| 090 |
_a1545155 _c1545155 |
||
| 100 | _a20020517d2001 |||y0rusy50 ca | ||
| 101 | 0 | _arus | |
| 102 | _aRU | ||
| 105 | _aa ||||||||| | ||
| 200 | 1 |
_aМетод конечных элементов в механике деформируемых твердых тел _fА. И. Голованов, Д. В. Бережной _gКазан. гос. ун-т |
|
| 210 |
_aКазань _cДАС _d2001 |
||
| 215 |
_a300 с. _cил. _d21 |
||
| 320 | _aБиблиогр.: с. 293-297 | ||
| 606 | 0 |
_aМеханика твердого тела деформируемого _xЗадачи _xРешение _xМетод конечных элементов _92089083 _3RU\NLR\auth\661264637 |
|
| 606 | 0 |
_aМеханика твердых тел деформируемых _xЗадачи _xРешение _xКонечных элементов метод _92089077 _3RU\NLR\auth\661264634 |
|
| 610 | 0 | _aМеханика деформируемых тел - Математические методы | |
| 610 | 0 | _aКонечных элементов метод | |
| 675 |
_a539.37:510.5 _v3 _zrus |
||
| 686 |
_a29.19 _2rugasnti |
||
| 686 |
_a22.251 _2rubbk |
||
| 686 | _aВ251с115 | ||
| 700 | 1 |
_4070 _7ca _8rus _aГолованов _bА. И. _cд-р физ.-мат. наук _f1956-2010 _gАлександр Иванович _3RU\NLR\AUTH\770279407 _92651374 |
|
| 701 | 1 |
_aБережной _bД. В. _gДмитрий Валерьевич _4070 |
|
| 801 | 0 |
_aRU _bRKP _c20020517 _gPSBO |
|
| 801 | 1 |
_aRU _bRKP _c20020517 |
|
| 801 | 2 |
_aRU _bNLR _c20020703 _grcr |
|
| 942 | _cBOOK | ||
| 980 | _aNB | ||
| 980 | _aNBR | ||